Social network analysis (Third edition) (Record no. 76586)

MARC details
000 -LEADER
fixed length control field 00950nam a2200193 a 4500
008 - FIXED-LENGTH DATA ELEMENTS--GENERAL INFORMATION
fixed length control field 211026s2013 ||||||||||||||||| || u
020 ## - INTERNATIONAL STANDARD BOOK NUMBER
International Standard Book Number 9781446209042
050 ## - LIBRARY OF CONGRESS CALL NUMBER
Classification number HM 741 Sco
100 ## - MAIN ENTRY--PERSONAL NAME
Personal name Scott John
245 10 - TITLE STATEMENT
Title Social network analysis (Third edition)
Statement of responsibility, etc. By John Scott
250 ## - EDITION STATEMENT
Edition statement Third edition
260 ## - PUBLICATION, DISTRIBUTION, ETC.
Place of publication, distribution, etc. London
Date of publication, distribution, etc. 2013
300 ## - PHYSICAL DESCRIPTION
Extent x, 201 pages : illustrations
650 #0 - SUBJECT ADDED ENTRY--TOPICAL TERM
Topical term or geographic name entry element SOCIAL NETWORKS
650 ## - SUBJECT ADDED ENTRY--TOPICAL TERM
Topical term or geographic name entry element SOCIAL SCIENCES--NETWORK ANALYSIS
995 ## -
-- MAIN LIBRARY OPEN ACCESS
-- 751356
-- CBU-MAIN LIBRARY (Kitwe)
-- 49.00
-- HM 741 Sco
-- 1
-- AVAILABLE
-- Oct 26, 2021
-- 751356
-- Main Library Open Access Collection
995 ## -
-- MAIN LIBRARY OPEN ACCESS
-- 751357
-- CBU-MAIN LIBRARY (Kitwe)
-- 49.00
-- HM 741 Sco
-- 2
-- AVAILABLE
-- Oct 26, 2021
-- 751357
-- Main Library Open Access Collection
995 ## -
-- MAIN LIBRARY OPEN ACCESS
-- 751358
-- CBU-MAIN LIBRARY (Kitwe)
-- 49.00
-- HM 741 Sco
-- 3
-- AVAILABLE
-- Oct 26, 2021
-- 751358
-- Main Library Open Access Collection
999 ## -
-- 76586
-- 76586
Holdings
Withdrawn status Lost status Source of classification or shelving scheme Damaged status Not for loan Permanent Location Current Location Shelving location Date acquired Total Checkouts Full call number Barcode Date last seen Copy number Price effective from Koha item type
          CBU-MAIN LIBRARY, KITWE. CBU-MAIN LIBRARY, KITWE.   04/25/2023   HM 741 Sco 751356 04/25/2023 1 04/25/2023 MONOGRAPH
          CBU-MAIN LIBRARY, KITWE. CBU-MAIN LIBRARY, KITWE.   04/25/2023   HM 741 Sco 751357 04/25/2023 2 04/25/2023 MONOGRAPH
          CBU-MAIN LIBRARY, KITWE. CBU-MAIN LIBRARY, KITWE.   04/25/2023   HM 741 Sco 751358 04/25/2023 3 04/25/2023 MONOGRAPH